Régimen de retención para empleados en relación de dependencia (Registro nro. 15219)

Detalles MARC
000 -LEADER
fixed length control field 00341 a2200109 4500
001 - CONTROL NUMBER
control field ART_18408
005 - DATE AND TIME OF LATEST TRANSACTION
control field 20260410161701.0
008 - FIXED-LENGTH DATA ELEMENTS--GENERAL INFORMATION
fixed length control field 260409a
100 1# - MAIN ENTRY--PERSONAL NAME
Personal name López, Alejandro N.
245 10 - TITLE STATEMENT
Title Régimen de retención para empleados en relación de dependencia
773 0# - HOST ITEM ENTRY
Title Revista Impuestos
Related parts - Nº 2 (feb. 2013)
Record control number REV639

No hay ítems disponibles.